Crystal Palace Squad 2015-2016 - Statistics

General Stats
  • This quiz has been taken 15 times
  • The average score is 15 of 30
Answer Stats
# Position Nation Player % Correct
11 FW Ivory Coast Wilfried Zaha
100%
2 DF England Joel Ward
82%
1 GK Argentina Julián Speroni
82%
15 MF Australia Mile Jedinak
82%
13 GK Wales Wayne Hennessey
82%
10 FW DR Congo Yannick Bolasie
82%
25 FW Togo Emmanuel Adebayor
73%
14 FW South Korea Chung-yong Lee
64%
18 MF Scotland James McArthur
64%
7 MF France Yohan Cabaye
64%
- Coach England Alan Pardew
55%
42 FW England Jason Puncheon
55%
29 FW Morocco Marouane Chamakh
55%
6 DF England Scott Dann
55%
3 DF Jamaica Adrian Mariappa
45%
26 FW Mali Bakary Sako
45%
27 DF Ireland Damien Delaney
45%
28 MF Wales Joe Ledley
45%
34 DF England Martin Kelly
45%
23 DF Senegal Pape Souaré
45%
4 DF Norway Brede Hangeland
36%
16 FW England Dwight Gayle
36%
12 GK England Alex McCarthy
27%
21 FW England Connor Wickham
27%
9 FW England Fraizer Campbell
27%
22 MF England Jordon Mutch
27%
5 DF Ireland Patrick McCarthy
27%
8 FW England Patrick Bamford
18%
32 FW Ghana Kwesi Appiah
9%
19 DF England Zeki Fryers
0%
No matching quizzes found
Score Distribution
Percent of People with Each Score
Percentile by Number Answered
Your Score History
You have not taken this quiz